| 000 | 00744nam a22002417a 4500 | ||
|---|---|---|---|
| 999 |
_c216301 _d216301 |
||
| 005 | 20260218130614.0 | ||
| 008 | 260218b ||||| |||| 00| 0 eng d | ||
| 020 | _a9781138502369 | ||
| 040 |
_aLC _cUNZA _eRDA |
||
| 050 |
_aRC 541 _bELH 2018 |
||
| 100 |
_aEl-Hay, Mohamed Ahmed _eauthor |
||
| 245 |
_aEssentials of Psychiatric assessment / _cMohamed Ahmed Abd El-Hay. |
||
| 260 |
_aAbingdon, Oxon : _bRoutledge/Taylor and Francis Group, _c2018. |
||
| 300 |
_aviii, 256 pages : _billustrations. |
||
| 336 | _aText | ||
| 337 | _aUnmediated | ||
| 338 | _aVolume | ||
| 504 | _aIncludes bibliographical references and index. | ||
| 650 | _aSchizophrenia. | ||
| 650 | _aPsychoses. | ||
| 650 |
_aMental illness _xDiagnosis. |
||
| 942 | _cBOOK | ||